00983nam a22003017a 4500003000400000005001700004008004100021020003000062040003100092050001500123100003000138245009500168250001900263260004600282300006300328336002400391337002800415338002500443504005100468650002400519650002600543650001300569650001700582650002400599650001700623650001300640700002800653OSt20250217095202.0250213b |||||||| |||| 00| 0 eng d a9780323566681 (hardcover) aNUSTbengcNUSTdNUSTerda aRC78.7 JOH aJohnston, James NeAuthor aEssentials of radiographic physics and imaging / cJames N. Johnston and Terri L. Fauber. aThird edition. aSt. Louis, Mo. :b Elsevier/Mosby,c2020. axi, 292 pages : bcolor illustrations, portrait ; c29 cm. 2rdamediaatextbtxt 2rdamediaaunmediatedbn 2rdamediaavolumebnc aIncludes bibliographical references and index. vDiagnostic imaging. vRadiography, Medical. vPhysics. vRadiography. vDiagnostic Imaging. vRadiography. vPhysics. aFauber, Terri LeAuthor